[Event "GER-ch U16 Girls"]
[Site "Willingen"]
[Date "2022.06.06"]
[Round "3"]
[White "Pohle, Saskia"]
[Black "Cordes, Jule Johanne"]
[Result "1-0"]
[WhiteElo "1827"]
[BlackElo "1841"]
[PlyCount "77"]
[EventDate "2022.06.04"]
[EventType "swiss"]
[EventRounds "9"]
[EventCountry "GER"]
[SourceTitle "CBM 208 Extra"]
[Source "ChessBase"]
[SourceDate "2022.07.31"]
[SourceVersion "1"]
[SourceVersionDate "2022.07.31"]
[SourceQuality "1"]

1. e4 e6 2. d4 d5 3. Nd2 Nf6 4. e5 Nfd7 5. Bd3 c5 6. c3 Nc6 7. Ne2 cxd4 8. cxd4 f6 9. exf6 Nxf6 10. Nf3 Bd6 11. 0-0 Qc7 12. Bd2 0-0 13. Rc1 Bd7 14. Nc3 a6 15. Re1 Rae8 16. Na4 Ng4 17. g3 Be7 18. h3 Nf6 19. Bf4 Bd6 20. Bxd6 Qxd6 21. Nc5 Bc8 22. Kg2 e5 23. dxe5 Nxe5 24. Nxe5 Rxe5 25. Qc2 Rfe8 26. Rxe5 Qxe5 27. Qc3 Qh5 28. h4 Qg4 29. Bf1 d4 30. Qb3+ Kh8 31. Kg1 b6 32. Qxb6 Nh5 33. Qd6 Qf3 34. Bg2 Qe2 35. Qxd4 Rf8 36. Rf1 Bg4 37. Qe4 Nxg3 38. fxg3 Rxf1+ 39. Bxf1 1-0

[Event "NED-ch U16/18 Girls"]
[Site "Almelo"]
[Date "2022.05.01"]
[Round "1"]
[White "Bogouslavskii, Veronique"]
[Black "Cordes, Jule Johanne"]
[Result "0-1"]
[WhiteElo "1618"]
[BlackElo "1802"]
[PlyCount "86"]
[EventDate "2022.05.01"]
[EventType "swiss"]
[EventRounds "9"]
[EventCountry "NED"]
[SourceTitle "EXT 2023"]
[Source "ChessBase"]
[SourceDate "2022.10.05"]
[SourceVersion "1"]
[SourceVersionDate "2022.10.05"]
[SourceQuality "1"]

1. d4 d5 2. c4 c6 3. Nc3 Nf6 4. e3 e6 5. Nf3 Nbd7 6. Qc2 Be7 7. b3 b6 8. Bd3 Bb7 9. 0-0 c5 10. cxd5 Nxd5 11. Nxd5 Bxd5 12. e4 Bb7 13. Bb2 cxd4 14. Bxd4 0-0 15. Rad1 Rc8 16. Qe2 Qc7 17. Bb5 Rfd8 18. Bb2 Nc5 19. Rc1 Qf4 20. e5 a6 21. Rc4 Qh6 22. Bc1 Qg6 23. Nh4 Bxh4 24. Rg4 Qf5 25. Rf4 Qg6 26. Rg4 Bxf2+ 27. Rxf2 Qb1 28. Rf1 axb5 29. Bh6 Qd3 30. Qxd3 Rxd3 31. Rxg7+ Kh8 32. Rfxf7 Be4 33. Rc7 Rcd8 34. h3 Bg6 35. Rge7 Bf5 36. g4 Bg6 37. Bg5 Rd1+ 38. Kh2 R1d7 39. Bf6+ Kg8 40. Rexd7 Rxd7 41. Rc8+ Kf7 42. Bg5 Nd3 43. h4 Nxe5 0-1

[Event "NED-chT 2122"]
[Site "Netherlands"]
[Date "2022.03.12"]
[Round "7.1"]
[White "Cordes, Jule Johanne"]
[Black "Jogstad, Martin"]
[Result "0-1"]
[WhiteElo "1759"]
[BlackElo "2351"]
[PlyCount "64"]
[EventDate "2021.09.18"]
[EventType "team-tourn"]
[EventRounds "9"]
[EventCountry "NED"]
[SourceTitle "EXT 2023"]
[Source "ChessBase"]
[SourceDate "2022.10.05"]
[SourceVersion "1"]
[SourceVersionDate "2022.10.05"]
[SourceQuality "1"]
[WhiteTeam "Caissa"]
[BlackTeam "Groningen Combinatie"]
[WhiteTeamCountry "NED"]
[BlackTeamCountry "NED"]

1. d4 d5 2. c4 e6 3. Nc3 a6 4. cxd5 exd5 5. Nf3 h6 6. Bf4 Nf6 7. e3 Bd6 8. Bxd6 Qxd6 9. Qc2 0-0 10. Bd3 Nc6 11. a3 Bg4 12. Nh4 Rfe8 13. 0-0 Ne7 14. h3 Bd7 15. Rac1 Nc8 16. Na4 Ne4 17. Nf3 Bxa4 18. Qxa4 c6 19. Rfd1 Qf6 20. Qc2 Ncd6 21. Ne5 h5 22. Nd7 Qg5 23. Nc5 Nxc5 24. Qxc5 Re6 25. Qb4 f5 26. Rc2 Rae8 27. Qd2 Rg6 28. f3 Rxe3 29. Qf2 Qf4 30. Be2 h4 31. Rd3 Rge6 32. Kh1 Ne4 0-1

[Event "Bremen Silvester op"]
[Site "Bremen"]
[Date "2021.12.29"]
[Round "5"]
[White "Pollmann, Sascha"]
[Black "Cordes, Jule Johanne"]
[Result "1-0"]
[WhiteElo "2076"]
[BlackElo "1846"]
[PlyCount "55"]
[EventDate "2021.12.21"]
[EventType "swiss"]
[EventRounds "7"]
[EventCountry "GER"]
[SourceTitle "CBM 205 Extra"]
[Source "ChessBase"]
[SourceDate "2022.01.31"]
[SourceVersion "1"]
[SourceVersionDate "2022.01.31"]
[SourceQuality "1"]

1. Nf3 c5 2. g3 Nc6 3. Bg2 g6 4. 0-0 Bg7 5. d3 Nf6 6. e4 e5 7. c3 0-0 8. Nbd2 d6 9. a3 a5 10. a4 h6 11. Nc4 Be6 12. Nfd2 g5 13. Ne3 Qd7 14. Ndc4 Rad8 15. Nb6 Qc7 16. Nbd5 Bxd5 17. Nxd5 Nxd5 18. exd5 Ne7 19. f4 f6 20. Bh3 c4 21. Be6+ Kh7 22. Be3 Ng6 23. Bf5 exf4 24. gxf4 Qe7 25. Bd4 Rde8 26. Qh5 Qf7 27. dxc4 Re7 28. c5 1-0

[Event "GER-ch U16 Girls"]
[Site "Willingen"]
[Date "2021.08.28"]
[Round "8"]
[White "Albayrak, Nese Pinar"]
[Black "Cordes, Jule Johanne"]
[Result "0-1"]
[WhiteElo "1546"]
[BlackElo "1790"]
[PlyCount "152"]
[EventDate "2021.08.22"]
[EventType "swiss"]
[EventRounds "9"]
[EventCountry "GER"]
[SourceTitle "EXT 2022"]
[Source "ChessBase"]
[SourceDate "2021.10.06"]
[SourceVersion "1"]
[SourceVersionDate "2021.10.06"]
[SourceQuality "1"]

1. e4 c5 2. Nf3 Nc6 3. d4 cxd4 4. Nxd4 g6 5. c4 Bg7 6. Be3 Nf6 7. Nc3 d6 8. Be2 0-0 9. f3 Nxd4 10. Bxd4 Bd7 11. Qd2 Bc6 12. 0-0-0 Nd7 13. Bxg7 Kxg7 14. g4 Qb6 15. h4 a5 16. h5 Rh8 17. f4 a4 18. f5 a3 19. b3 Qa5 20. Rh3 Rad8 21. Rdh1 Qa8 22. fxg6 hxg6 23. h6+ Kh7 24. Qd4 Rhg8 25. Nb1 Qa5 26. Nd2 Qe5 27. Nf3 Qf4+ 28. Qd2 Qxd2+ 29. Kxd2 f6 30. g5 Bxe4 31. gxf6 exf6 32. Re1 g5 33. Nd4 Ne5 34. Re3 Bg6 35. Bf3 Rd7 36. Bd5 Re8 37. Nb5 Kxh6 38. Rf1 Kg7 39. Kc3 Ra8 40. Rd1 Rad8 41. Nxa3 Ra8 42. Kb2 Re7 43. b4 Rh8 44. Kb3 Rh2 45. Bf3 Rh3 46. Rde1 Rd7 47. Bd5 Rh2 48. R1e2 Rh4 49. Rd2 Bf5 50. Nb5 Kh6 51. Nd4 Bg6 52. Be6 Rd8 53. Nf3 Nxf3 54. Rxf3 Kg7 55. c5 Be4 56. Re3 d5 57. Kc3 f5 58. Bxf5 Bxf5 59. Re7+ Kf6 60. Rxb7 Rc4+ 61. Kb3 Be6 62. Rb6 Ke7 63. Rh2 Rh4 64. Re2 Re4 65. Rh2 d4+ 66. Kc2 d3+ 67. Kd2 Bf5 68. c6 Ra8 69. Rb7+ Kd6 70. Rh6+ Ke5 71. Re7+ Kf4 72. Rxe4+ Kxe4 73. b5 Rxa2+ 74. Kd1 Ke3 75. Kc1 d2+ 76. Kd1 Ra1# 0-1

[Event "GER-ch U14 Girls"]
[Site "Willingen"]
[Date "2020.10.24"]
[Round "7"]
[White "Sinner, Joselyne"]
[Black "Cordes, Jule Johanne"]
[Result "1-0"]
[WhiteElo "1414"]
[BlackElo "1718"]
[PlyCount "99"]
[EventDate "2020.10.19"]
[EventType "swiss"]
[EventRounds "7"]
[EventCountry "GER"]
[SourceTitle "EXT 2022"]
[Source "ChessBase"]
[SourceDate "2021.10.06"]
[SourceVersion "1"]
[SourceVersionDate "2021.10.06"]
[SourceQuality "1"]

1. e4 c5 2. b3 e6 3. Bb2 Nc6 4. Nf3 Nf6 5. e5 Ng8 6. Nc3 Nh6 7. Ne4 Nf5 8. g3 d5 9. exd6 Bxd6 10. Bb5 0-0 11. Bxc6 bxc6 12. Nxd6 Qxd6 13. d3 Nd4 14. 0-0 e5 15. Nd2 Bh3 16. Re1 Qd5 17. f3 Rae8 18. c3 Nf5 19. Ne4 Nh6 20. Bc1 Rd8 21. Bxh6 f5 22. Ng5 Bg4 23. fxg4 gxh6 24. Nh3 f4 25. gxf4 exf4 26. Nf2 f3 27. Re3 Rf4 28. Re4 Rf6 29. Qe1 Rdf8 30. Re8 Rf4 31. Qe6+ Qxe6 32. Rxe6 R4f6 33. Rxf6 Rxf6 34. Ne4 Rg6 35. h3 h5 36. Kf2 hxg4 37. hxg4 Kf7 38. Kxf3 Ke7 39. Re1 Kd7 40. Nxc5+ Kd6 41. d4 Rf6+ 42. Ke4 Rf2 43. a4 Rf8 44. Kd3 Rf3+ 45. Re3 Rf4 46. Re6+ Kc7 47. Re7+ Kb8 48. Rxh7 Rxg4 49. Nd7+ Ka8 50. Ne5 1-0

[Event "GER-ch op (Women) 20th"]
[Site "Erlangen"]
[Date "2020.10.04"]
[Round "6"]
[White "Von Herman, Brigitte"]
[Black "Cordes, Jule Johanne"]
[Result "1/2-1/2"]
[WhiteElo "2034"]
[BlackElo "1718"]
[PlyCount "54"]
[EventDate "2020.10.01"]
[EventType "swiss"]
[EventRounds "7"]
[EventCountry "GER"]
[SourceTitle "EXT 2022"]
[Source "ChessBase"]
[SourceDate "2021.10.06"]
[SourceVersion "1"]
[SourceVersionDate "2021.10.06"]
[SourceQuality "1"]

1. e4 c5 2. c3 d5 3. exd5 Qxd5 4. d4 Nf6 5. Nf3 Bg4 6. dxc5 Qxc5 7. Na3 a6 8. Be3 Qc7 9. h3 Bh5 10. Nc4 Nbd7 11. g4 Bg6 12. g5 Ne4 13. Nh4 Rc8 14. Nxg6 hxg6 15. Qf3 Nec5 16. Bxc5 Nxc5 17. Qg3 b5 18. Qxc7 Rxc7 19. Ne5 e6 20. Rd1 Be7 21. f4 0-0 22. Bg2 Rd8 23. Ke2 Na4 24. Rxd8+ Bxd8 25. Rd1 Be7 26. Rd2 Kf8 27. Be4 Ke8 1/2-1/2

[Event "GER-ch op (Women) 20th"]
[Site "Erlangen"]
[Date "2020.10.03"]
[Round "4"]
[White "Buchholz, Maja Patricia"]
[Black "Cordes, Jule Johanne"]
[Result "1-0"]
[WhiteElo "1628"]
[BlackElo "1718"]
[PlyCount "99"]
[EventDate "2020.10.01"]
[EventType "swiss"]
[EventRounds "7"]
[EventCountry "GER"]
[SourceTitle "EXT 2022"]
[Source "ChessBase"]
[SourceDate "2021.10.06"]
[SourceVersion "1"]
[SourceVersionDate "2021.10.06"]
[SourceQuality "1"]

1. c4 e5 2. g3 Nf6 3. Bg2 d5 4. cxd5 Nxd5 5. Nc3 Nb6 6. Nf3 Nc6 7. 0-0 Be7 8. Rb1 0-0 9. b4 Bd6 10. a4 Nxb4 11. Nxe5 Bxe5 12. Rxb4 Qd6 13. Rb3 c6 14. Ba3 c5 15. Ne4 Qh6 16. Nxc5 Rd8 17. d3 Bd7 18. Bxb7 Rab8 19. Nxd7 Rxd7 20. Bf3 Rbd8 21. Rb5 Qf6 22. Kg2 Nc4 23. Bc1 Nd6 24. Rd5 Nf5 25. Rxd7 Rxd7 26. e3 Qg6 27. Kh1 Bc7 28. Be4 Qe6 29. Qh5 Nh6 30. Bb2 f5 31. Bc6 Rxd3 32. Qe8+ Qxe8 33. Bxe8 Ng4 34. Bd4 Rd2 35. Kg1 a6 36. Bd7 g6 37. h3 Ne5 38. Be6+ Kf8 39. Kg2 Rc2 40. Rd1 Nc6 41. Bf6 Nb8 42. Bd8 Be5 43. Rd5 Nc6 44. Bg5 Bh8 45. Rd7 h5 46. Rc7 Nb4 47. Be7+ Ke8 48. Bc5 Bf6 49. Rc8+ Bd8 50. Bxb4 1-0

[Event "GER-ch op (Women) 20th"]
[Site "Erlangen"]
[Date "2020.10.02"]
[Round "3"]
[White "Cordes, Jule Johanne"]
[Black "Mader, Lena"]
[Result "0-1"]
[WhiteElo "1718"]
[BlackElo "1839"]
[PlyCount "122"]
[EventDate "2020.10.01"]
[EventType "swiss"]
[EventRounds "7"]
[EventCountry "GER"]
[SourceTitle "EXT 2022"]
[Source "ChessBase"]
[SourceDate "2021.10.06"]
[SourceVersion "1"]
[SourceVersionDate "2021.10.06"]
[SourceQuality "1"]

1. d4 Nf6 2. c4 g6 3. Nc3 Bg7 4. Nf3 d6 5. Bg5 0-0 6. e3 c6 7. Be2 a6 8. 0-0 b5 9. a3 Bf5 10. Nd2 d5 11. c5 Qc7 12. Bf4 Qb7 13. b4 h6 14. Bg3 a5 15. f3 axb4 16. axb4 Rxa1 17. Qxa1 Na6 18. Qb2 Ra8 19. Rd1 Nc7 20. Nb3 Bd7 21. Na5 Qc8 22. Qc1 Na6 23. Qb1 Nh5 24. Bf2 e5 25. e4 dxe4 26. Nxe4 Nf4 27. Nc3 Bf5 28. Qb2 Nxe2+ 29. Nxe2 Qc7 30. Bg3 Nxb4 31. Qxb4 Rxa5 32. dxe5 Qa7 33. Qd4 Kh7 34. Bh4 Ra4 35. Qf2 Bxe5 36. Qe3 Bg7 37. Bf2 Ra1 38. Qd2 Rxd1+ 39. Qxd1 Qa3 40. Bd4 Be6 41. Bxg7 Kxg7 42. Qd4+ Kh7 43. Ng3 Qc1+ 44. Kf2 Qc2+ 45. Kg1 Qb1+ 46. Kf2 Bd5 47. h4 b4 48. h5 b3 49. hxg6+ Qxg6 50. Ne4 Bxe4 51. fxe4 Qg7 52. Qb4 Qf6+ 53. Kg3 Qe5+ 54. Kf3 b2 55. Qb3 Kg6 56. Qb7 Qf6+ 57. Ke2 h5 58. Qb6 h4 59. Qb7 Kh5 60. Qb3 Qg6 61. Qxb2 Qxg2+ 0-1

[Event "EU-ch Online U16 Girls"]
[Site "Tornelo INT"]
[Date "2020.09.18"]
[Round "1"]
[White "Cordes, Jule Johanne"]
[Black "Lazareva, Emilie"]
[Result "1-0"]
[WhiteElo "1718"]
[BlackElo "1243"]
[PlyCount "103"]
[EventDate "2020.09.18"]
[EventType "swiss (rapid)"]
[EventRounds "9"]
[EventCountry "NET"]
[SourceTitle "EXT 2023"]
[Source "ChessBase"]
[SourceDate "2022.10.05"]
[SourceVersion "1"]
[SourceVersionDate "2022.10.05"]
[SourceQuality "1"]
[WhiteTeam "Netherlands"]
[BlackTeam "Norway"]
[WhiteTeamCountry "NED"]
[BlackTeamCountry "NOR"]

1. d4 d5 2. c4 c6 3. Nc3 Nf6 4. Nf3 e6 5. Bg5 Nbd7 6. e3 Be7 7. cxd5 exd5 8. Bd3 0-0 9. 0-0 Re8 10. Qc2 Nf8 11. a3 a6 12. b4 h6 13. Bh4 Be6 14. Rfb1 Nh5 15. Bxe7 Qxe7 16. a4 Nf6 17. Qb2 N8d7 18. b5 axb5 19. axb5 Qd6 20. h3 c5 21. dxc5 Qxc5 22. Nd4 Ne5 23. Be2 Bd7 24. Na4 Qd6 25. Rc1 Rec8 26. Rxc8+ Rxc8 27. b6 Ra8 28. Bd1 Ne4 29. Nb5 Bxb5 30. Qxb5 Nc5 31. Qb2 Nxa4 32. Rxa4 Rxa4 33. Bxa4 Nc4 34. Qd4 Nxb6 35. Bb3 Qc6 36. Kh2 Qd6+ 37. Kg1 Qc6 38. g3 Qb5 39. Ba2 Qc6 40. Qe5 Nc4 41. Qb8+ Kh7 42. Bb1+ g6 43. Qf8 Qe6 44. Qb8 Qc6 45. Qf4 Qe6 46. Bd3 Ne5 47. Bb5 g5 48. Qd4 Kg6 49. Ba4 f6 50. Bb3 Qxh3 51. Qxd5 g4 52. Qe4+ 1-0